Historia del mundo: historia del arte

Gardado en:
Detalles Bibliográficos
Autor Principal: Jähnig, Dieter (Author)
Formato: Libro
Idioma:Lingua castelá
Publicado: Ciudad de México Fondo de Cultura Económica 1982
Series:Brevarios del Fondo de Cultura Económica, 314
Subjects:
Tags: Engadir etiqueta
Sen Etiquetas, Sexa o primeiro en etiquetar este rexistro!

MARC

LEADER 00000nam a2200000 a 4500
001 UCP8605
003 CL-VaPUC
005 20231031092059.0
008 000303e19820000MX |||||||||||||||||spa|d
999 |c 285497  |d 285495 
040 |c Pontificia Universidad Católica de Valparaíso 
082 0 4 |a 901 JAH 1982  |2 21 
100 0 |a Jähnig, Dieter  |e author  |9 438675 
245 1 0 |a Historia del mundo: historia del arte 
260 |a Ciudad de México  |b Fondo de Cultura Económica  |c 1982 
300 |a 350 p 
490 0 |a Brevarios del Fondo de Cultura Económica, 314 
583 |a last modification  |c 20000303 00:00:00  |k Rodrigo Vera 
600 0 |a Schelling, Friedrich Wilhelm Joseph  |2 CL-VaPUC  |9 268686  |d 1775-1854 
600 0 |a Hegel, Georg Wilhelm Friedrich  |d 1770-1831  |9 860268 
650 0 |a Filosofía de la historia  |9 265651 
650 0 |a Arte y sociedad   |9 306277 
942 |c BK  |2 ddc 
945 |d 20000303 00:00:00  |a rherrera 
952 |0 0  |1 0  |4 0  |6 901_000000000000000_JAH_1982  |7 0  |8 A  |9 330151  |a BIBHIS  |b BIBHIS  |d 2019-11-20  |i 1393251  |o 901 JAH 1982  |p 1393251  |r 2025-01-20  |w 2019-11-20  |y BK  |k HIS 
952 |0 0  |1 0  |2 ddc  |4 0  |6 901_000000000000000_JAH_1982  |7 0  |8 A  |9 330152  |a BIBEDU  |b BIBEDU  |d 2019-11-20  |i 124681K  |o 901 JAH 1982  |p 124681K  |r 2023-01-12  |w 2019-11-20  |y BK  |k MUS